Panovníci českých zemí - Statistics

General Stats
  • This quiz has been taken 1 250 times
  • The average score is 31 of 100
Answer Stats
Groups roky vlády mýtičtí Češi % Correct
franští kupci 623-659? Sámo
78%
mýtičtí Češi praotec Čech
70%
mýtičtí Přemyslovci Přemysl Oráč
67%
Lucemburkové 1346-1378 Karel IV.
65%
Lucemburkové 1310-1346 Jan Lucemburský
63%
prezidenti 2013-2023 Miloš Zeman
57%
prezidenti 2023-??? Petr Pavel
57%
prezidenti 1989-2003 Václav Havel
57%
Lucemburkové 1378-1419 Václav IV.
57%
prezidenti 2003-2013 Václav Klaus
57%
prezidenti 1935-1938 Edvard Beneš
51%
prezidenti 1968-1975 Ludvík Svoboda
51%
Lucemburkové 1419-1437 Zikmund Lucemburský
51%
prezidenti 1953-1957 Antonín Zápotocký
49%
prezidenti 1975-1989 Gustav Husák
49%
mýtičtí Češi Libuše
49%
prezidenti 1938-1945 Emil Hácha
48%
prezidenti 1948-1953 Klement Gottwald
48%
prezidenti 1918-1935 Tomáš Garrigue Masaryk
48%
prezidenti 1945-1948 Edvard Beneš
46%
mýtičtí Češi Krok
46%
Přemyslovci 2 1197-1230 Přemysl Otakar I.
44%
prezidenti 1957-1968 Antonín Novotný
43%
Přemyslovci 2 1253-1278 Přemysl Otakar II.
43%
Mojmírovci 830?-846 Mojmír I.
41%
Habsburkové 3 1576-1611 Rudolf II.
40%
páni z Kunštátu 1458-1471 Jiří z Poděbrad
38%
Habsburkové 4 1740-1780 Marie Terezie
38%
Habsburko-Lotrinkové 1780-1790 Josef II.
37%
Přemyslovci 921-935 svatý Václav
37%
Přemyslovci 2 1305-1306 Václav III.
37%
Přemyslovci 935-972 Boleslav I.
35%
Mojmírovci 894-906? Mojmír II.
35%
Přemyslovci 2 1278-1305 Václav II.
35%
Jagellonci 1516-1526 Ludvík Jagellonský
33%
Přemyslovci 2 1230-1253 Václav I.
33%
Jagellonci 1471-1516 Vladislav Jagellonský
33%
Přemyslovci 972-999 Boleslav II.
32%
Habsburkové 3 1526-1564 Ferdinand I.
32%
Přemyslovci 872?-883? Bořivoj I.
30%
mýtičtí Přemyslovci Nezamysl
30%
Mojmírovci 846-870 Rostislav
30%
Habsburko-Lotrinkové 1848-1916 František Josef I.
29%
Mojmírovci 871-894 Svatopluk I.
29%
mýtičtí Přemyslovci Neklan
27%
mýtičtí Přemyslovci Vojen
27%
Habsburko-Lotrinkové 1916-1918 Karel I.
25%
mýtičtí Přemyslovci Mnata
25%
Přemyslovci 2 1034-1055 Břetislav I.
24%
Habsburkové 3 1617-1619 Ferdinand II.
24%
Wittelsbachové 1619-1620 Fridrich Falcký
24%
mýtičtí Přemyslovci Hostivít
24%
Habsburkové 3 1611-1617 Matyáš II.
24%
Přemyslovci 2 1012-1033 Oldřich
24%
mýtičtí Přemyslovci Vnislav
24%
Přemyslovci 915-921 Vratislav I.
24%
Přemyslovci 885?-889? Bořivoj I.
22%
mýtičtí Přemyslovci Křesomysl
22%
Přemyslovci 889?-915 Spytihněv I.
22%
Přemyslovci 2 1140-1172 Vladislav II.
22%
Piastovci 1003-1004 Boleslav Chrabrý
21%
Habsburkové 4 1620-1637 Ferdinand II.
21%
Přemyslovci 2 1004-1012 Jaromír
21%
Přemyslovci 2 1033-1034 Jaromír
21%
Menhardovci 1306 Jindřich Korutanský
21%
Menhardovci 2 1307-1310 Jindřich Korutanský
21%
Habsburkové 4 1711-1740 Karel VI.
21%
Habsburkové 2 1453-1457 Ladislav Pohrobek
21%
Habsburkové 3 1564-1576 Maxmilián II.
21%
Přemyslovci 2 1034 Oldřich
21%
Habsburkové 1306-1307 Rudolf Habsburský
21%
Přemyslovci 2 1125-1140 Soběslav I.
21%
Přemyslovci 2 1061-1092 Vratislav II.
21%
Přemyslovci 2 1172-1173 Bedřich
19%
Přemyslovci 2 1192-1193 Přemysl Otakar I.
19%
Přemyslovci 883?-885? Strojmír
19%
Přemyslovci 2 1109-1117 Vladislav I.
19%
Přemyslovci 2 1193-1197 Jindřich Břetislav
17%
Habsburkové 4 1705-1711 Josef I.
17%
Přemyslovci 2 1173-1178 Soběslav II.
17%
Přemyslovci 2 1055-1061 Spytihněv II.
17%
Přemyslovci 2 1120-1125 Vladislav I.
17%
Přemyslovci 2 1197 Vladislav Jindřich
17%
Přemyslovci 1002-1003 Vladivoj
17%
Přemyslovci 2 1117-1120 Bořivoj II.
16%
Habsburkové 4 1637-1657 Ferdinand III.
16%
Přemyslovci 2 1189-1191 Konrád II. Ota
16%
Habsburkové 2 1437-1439 Albrecht II. Habsburský
14%
Přemyslovci 2 1178-1189 Bedřich
14%
Přemyslovci 999-1002 Boleslav III. Ryšavý
14%
Přemyslovci 1003 Boleslav III. Ryšavý
14%
Přemyslovci 2 1100-1107 Bořivoj II.
14%
Přemyslovci 2 1092-1100 Břetislav II.
14%
Přemyslovci 2 1092 Konrád I. Brněnský
14%
Habsburkové 4 1657-1705 Leopold I.
14%
Habsburko-Lotrinkové 1790-1792 Leopold II.
14%
Přemyslovci 2 1191-1192 Václav II.
14%
Přemyslovci 2 1107-1109 Svatopluk Olomoucký
13%
Habsburko-Lotrinkové 1835-1848 Ferdinand V. Dobrotivý
11%
Habsburko-Lotrinkové 1792-1835 František I. Rakouský
11%
No matching quizzes found
Score Distribution
Percent of People with Each Score
Percentile by Number Answered
Your Score History
You have not taken this quiz